000 00811nam a22002417a 4500
005 20170124110004.0
010 _aA-715653
020 _c00.00
_a8170246881
035 _aA-715653
037 _bCen Lib/Ret
040 _aDPL
_bEN
082 _a363.22
_bVAD
100 _aVadackumchery, James
_916472
245 _aHuman behaviour and law enforcement /
_cby James Vadackumchery [and] John Kattakayam
260 _aNew Delhi
_bAshish Publishing House
_c1995
270 _a8/81, Punjabi Bagh
_bNew Delhi
_e110026
300 _aviii,222p. :
_c21cm(Hb)
_bill
500 _aIncludes bibliographic references and index
650 _aNormal and abnormal behaviour
_916473
650 _aPractical law enforcement
_916474
700 _aKattakayam, John
_916475
942 _2ddc
_cEN
_h363.22
_mVAD
999 _c126065
_d126065